İnsan vücudu tiyatrosu / (Record no. 200460672)
[ view plain ]
| 000 -LEADER | |
|---|---|
| fixed length control field | 01433nam a22003857a 4500 |
| 001 - CONTROL NUMBER | |
| control field | 200460672 |
| 003 - CONTROL NUMBER IDENTIFIER | |
| control field | TR-AnTOB |
| 005 - DATE AND TIME OF LATEST TRANSACTION | |
| control field | 20240604091548.0 |
| 007 - PHYSICAL DESCRIPTION FIXED FIELD--GENERAL INFORMATION | |
| fixed length control field | t |
| 008 - FIXED-LENGTH DATA ELEMENTS--GENERAL INFORMATION | |
| fixed length control field | 240604b tu ||||| |||| 00| 0 tur d |
| 020 ## - INTERNATIONAL STANDARD BOOK NUMBER | |
| International Standard Book Number | 9786054729838 |
| 040 ## - CATALOGING SOURCE | |
| Original cataloging agency | TR-AnTOB |
| Language of cataloging | eng |
| Transcribing agency | TR-AnTOB |
| Description conventions | rda |
| 041 ## - LANGUAGE CODE | |
| Language code of text/sound track or separate title | Türkçe |
| Language code of summary or abstract | eng |
| 092 ## - LOCALLY ASSIGNED DEWEY CALL NUMBER (OCLC) | |
| Classification number | 741.642 |
| Item number | WİC 2022 |
| 100 1# - MAIN ENTRY--PERSONAL NAME | |
| Personal name | Wicks, Maris, |
| Relator term | artist, |
| -- | author. |
| 240 10 - UNIFORM TITLE | |
| Uniform title | Human body theater : a nonfiction revue. |
| Language of a work | Turkish. |
| 245 10 - TITLE STATEMENT | |
| Title | İnsan vücudu tiyatrosu / |
| Statement of responsibility, etc. | Maris Wicks ; çeviri Şiiersel Taş ; sayfa uygulama Bahadır Erışık ; Türkçeye uyarlanan illustrasyonlar Duygu Topçu ; kapak uyarlama Gökçe Türkel. |
| 264 #1 - PRODUCTION, PUBLICATION, DISTRIBUTION, MANUFACTURE, AND COPYRIGHT NOTICE | |
| Place of production, publication, distribution, manufacture | İstanbul : |
| Name of producer, publisher, distributor, manufacturer | Domingo, |
| Date of production, publication, distribution, manufacture, or copyright notice | 2022. |
| 300 ## - PHYSICAL DESCRIPTION | |
| Extent | 233 pages : |
| Other physical details | color illustrations ; |
| Dimensions | 24 cm. |
| 336 ## - CONTENT TYPE | |
| Content type term | still image |
| Content type code | sti |
| Source | rdacontent. |
| Content type term | text |
| Source | rdacontent. |
| Content type code | txt |
| 337 ## - MEDIA TYPE | |
| Media type term | unmediated |
| Source | rdamedia. |
| Media type code | n |
| 338 ## - CARRIER TYPE | |
| Carrier type term | volume |
| Source | rdacarrier. |
| Carrier type code | nc |
| 500 ## - GENERAL NOTE | |
| General note | Translation of: Human body theater : a nonfiction revue. |
| 504 ## - BIBLIOGRAPHY, ETC. NOTE | |
| Bibliography, etc. note | |
| 650 #0 - SUBJECT ADDED ENTRY--TOPICAL TERM | |
| Topical term or geographic name entry element | Human anatomy |
| Form subdivision | Juvenile literature. |
| Topical term or geographic name entry element | Human body |
| Form subdivision | Juvenile literature. |
| 700 1# - ADDED ENTRY--PERSONAL NAME | |
| Personal name | Taş, Şiiersel, |
| Relator term | translator. |
| Personal name | Erışık, Bahadır, |
| Relator term | page designer. |
| Personal name | Topçu, Duygu, |
| Relationship information | llustrator. |
| Personal name | Türkel, Gökçe, |
| Relator term | cover designer. |
| 942 ## - ADDED ENTRY ELEMENTS (KOHA) | |
| Source of classification or shelving scheme | Dewey Decimal Classification |
| Koha item type | Book |
| Withdrawn status | Lost status | Source of classification or shelving scheme | Not for loan | Collection code | Home library | Current library | Shelving location | Date acquired | Total Checkouts | Full call number | Barcode | Date last seen | Date shelved | Koha item type |
|---|---|---|---|---|---|---|---|---|---|---|---|---|---|---|
| Dewey Decimal Classification | Ödünç Verilebilir / Available | College General Collection | TOBB ETÜ Koleji | TOBB ETÜ Koleji | College General Collection | 04/06/2024 | 741.642 WİC 2022 | 200460672 | 04/06/2024 | 04/06/2024 | Book |
